| 000 | 00459nam a22001457a 4500 | ||
|---|---|---|---|
| 020 | _a928256360 | ||
| 082 |
_a388.312 _bELE _cD |
||
| 100 |
_aFabre F. _938753 |
||
| 245 |
_aElectronics and traffic on major roads technical regulatory and ergonomic aspects/ _btransport research. _cKlose, Rathery |
||
| 260 |
_aBelgium: _bEUR; _cc1986 |
||
| 300 |
_axi, 471p,: _bill.; _c18cm |
||
| 526 |
_a0 _b0 _c0 _d388_312000000000000_ELE |
||
| 650 |
_aMCE _9379 |
||
| 942 |
_2ddc _cBK |
||
| 999 |
_c543395 _d543395 |
||